Essential logic / (Record no. 288192)
[ view plain ]
| 000 -LEADER | |
|---|---|
| fixed length control field | 00429nam a2200145Ia 4500 |
| 008 - FIXED-LENGTH DATA ELEMENTS--GENERAL INFORMATION | |
| fixed length control field | 150610s9999 xx 000 0 und d |
| 020 ## - INTERNATIONAL STANDARD BOOK NUMBER | |
| International Standard Book Number | 9710870998 |
| 050 ## - LIBRARY OF CONGRESS CALL NUMBER | |
| Classification number | BC71 |
| Item number | .M44 2010 |
| 100 ## - MAIN ENTRY--PERSONAL NAME | |
| Personal name | Malitao, Arnel L. |
| 245 ## - TITLE STATEMENT | |
| Title | Essential logic / |
| Statement of responsibility, etc | Arnel Malitao. |
| 250 ## - EDITION STATEMENT | |
| Edition statement | Rev. ed. |
| 260 ## - PUBLICATION, DISTRIBUTION, ETC. (IMPRINT) | |
| Place of publication, distribution, etc | Mandaluyong City : |
| Name of publisher, distributor, etc | National Book Store, |
| Date of publication, distribution, etc | 2010. |
| 300 ## - PHYSICAL DESCRIPTION | |
| Extent | 324pages : |
| Other physical details | illustrations ; |
| Dimensions | 23 cm. |
| 520 ## - SUMMARY, ETC. | |
| Summary, etc | Logic. |
| Withdrawn status | Lost status | Damaged status | Home library | Current library | Shelving location | Date acquired | Total Checkouts | Full call number | Barcode | Date last seen | Price effective from | Koha item type |
|---|---|---|---|---|---|---|---|---|---|---|---|---|
| Stonyhurst Southville International School (Batangas) | Stonyhurst Southville International School (Batangas) | High School Section | 06/10/2015 | BC71 .M44 2010 | US-1308 | 06/10/2015 | 06/10/2015 | Books |